000
00274nam a2200097Ia 4500
005
20250424112832.0
008
250424s9999 xx 000 0 und d
300
_a
v. , 89 p. : ill. ; 28 cm.
650
_a
Finance, Personal--Periodicals. Investments--Periodicals.
942
_c
SR
999
_c
37412
_d
37412